|
|
|
|
| LEADER |
00000naa2a2200000 4500 |
| 001 |
410349 |
| 005 |
20240220103750.0 |
| 035 |
|
|
|a (RuTPU)RU\TPU\prd\64264
|
| 035 |
|
|
|a RU\TPU\tpu\8272
|
| 090 |
|
|
|a 410349
|
| 100 |
|
|
|a 20090319a1988 k y0rusy50 ca
|
| 101 |
0 |
|
|a rus
|
| 102 |
|
|
|a RU
|
| 200 |
1 |
|
|a Определение временного положения сейсмических сигналов по оценкам их фазочастотных характеристик
|f В. П. Иванченков, А. И. Кочегуров
|
| 320 |
|
|
|a Библиогр.: 8 назв.
|
| 461 |
|
1 |
|0 (RuTPU)RU\TPU\prd\1420
|x 0016-7886
|t Геология и геофизика
|o научный журнал
|f Российская академия наук (РАН), Сибирское отделение (СО)
|d 1960-
|
| 463 |
|
1 |
|0 (RuTPU)RU\TPU\prd\63670
|t № 9
|v С. 77-83
|d 1988
|
| 610 |
1 |
|
|a труды учёных ТПУ
|
| 700 |
|
1 |
|a Иванченков
|b В. П.
|c специалист в области информатики и вычислительной техники, геофизик
|c доцент Томского политехнического университета, кандидат технических наук
|f 1939-
|g Виктор Павлович
|3 (RuTPU)RU\TPU\pers\25396
|
| 701 |
|
1 |
|a Кочегуров
|b А. И.
|c специалист в области информатики и вычислительной техники
|c доцент Томского политехнического университета, кандидат технических наук
|f 1954-
|g Александр Иванович
|3 (RuTPU)RU\TPU\pers\25544
|9 11474
|
| 801 |
|
1 |
|a RU
|b 63413507
|c 20020325
|g PSBO
|
| 801 |
|
2 |
|a RU
|b 63413507
|c 20160809
|g PSBO
|
| 942 |
|
|
|c BK
|